<?xml version="1.0" encoding="UTF-8"?>
<record
    xmlns:xsi="http://www.w3.org/2001/XMLSchema-instance"
    xsi:schemaLocation="http://www.loc.gov/MARC21/slim http://www.loc.gov/standards/marcxml/schema/MARC21slim.xsd"
    xmlns="http://www.loc.gov/MARC21/slim">

  <leader>00695nam a22002057a 4500</leader>
  <controlfield tag="008">130408t        mx||||| |||| 00| 0 spa d</controlfield>
  <datafield tag="020" ind1=" " ind2=" ">
    <subfield code="a">9682452678</subfield>
  </datafield>
  <datafield tag="050" ind1="0" ind2="4">
    <subfield code="a">GV14.8 .M49</subfield>
    <subfield code="b">P35 1996</subfield>
  </datafield>
  <datafield tag="100" ind1="1" ind2=" ">
    <subfield code="a">Palma Flores, Flor</subfield>
  </datafield>
  <datafield tag="245" ind1="1" ind2="0">
    <subfield code="a">Museos de la ciudad de mexico : </subfield>
    <subfield code="b">guia ilustrada = Museums of Mexico City : Ilustrate guide /</subfield>
    <subfield code="c">Flor Palma Flores</subfield>
  </datafield>
  <datafield tag="250" ind1=" " ind2=" ">
    <subfield code="a">1a ed.</subfield>
  </datafield>
  <datafield tag="260" ind1=" " ind2=" ">
    <subfield code="a">M&#xE9;xico : </subfield>
    <subfield code="b">Editorial Trillas, </subfield>
    <subfield code="c">1996</subfield>
  </datafield>
  <datafield tag="300" ind1=" " ind2=" ">
    <subfield code="a">302 p. : </subfield>
    <subfield code="b">il. ; </subfield>
    <subfield code="c">24 cm.</subfield>
  </datafield>
  <datafield tag="440" ind1=" " ind2=" ">
    <subfield code="a">Trillas Turismo </subfield>
  </datafield>
  <datafield tag="500" ind1=" " ind2=" ">
    <subfield code="a">Titulo en Espa&#xF1;ol e Ingles </subfield>
  </datafield>
  <datafield tag="650" ind1=" " ind2="4">
    <subfield code="a">Museos</subfield>
    <subfield code="z">M&#xE9;xico </subfield>
    <subfield code="y">Guias</subfield>
  </datafield>
  <datafield tag="650" ind1=" " ind2="4">
    <subfield code="a">Museos </subfield>
    <subfield code="z">M&#xE9;xico, D. F. </subfield>
    <subfield code="x">Descripcion </subfield>
  </datafield>
  <datafield tag="651" ind1=" " ind2="4">
    <subfield code="a">Ciudad de Mexico </subfield>
    <subfield code="x">Guias </subfield>
  </datafield>
  <datafield tag="942" ind1=" " ind2=" ">
    <subfield code="2">lcc</subfield>
    <subfield code="c">LIB</subfield>
  </datafield>
  <datafield tag="999" ind1=" " ind2=" ">
    <subfield code="c">36674</subfield>
    <subfield code="d">36674</subfield>
  </datafield>
  <datafield tag="952" ind1=" " ind2=" ">
    <subfield code="1">0</subfield>
    <subfield code="2">lcc</subfield>
    <subfield code="4">0</subfield>
    <subfield code="7">0</subfield>
    <subfield code="a">LIC-046</subfield>
    <subfield code="b">LIC-046</subfield>
    <subfield code="c">OCFM</subfield>
    <subfield code="d">2013-04-08</subfield>
    <subfield code="f">1a. ed.</subfield>
    <subfield code="h">LLH000002266</subfield>
    <subfield code="k">CSA</subfield>
    <subfield code="o">GV14 8 P36 1996</subfield>
    <subfield code="p">LLH000002266</subfield>
    <subfield code="r">2015-01-16 00:00:00</subfield>
    <subfield code="t">C:1</subfield>
    <subfield code="y">LIB</subfield>
    <subfield code="z">General</subfield>
  </datafield>
  <datafield tag="952" ind1=" " ind2=" ">
    <subfield code="1">0</subfield>
    <subfield code="2">lcc</subfield>
    <subfield code="4">0</subfield>
    <subfield code="7">0</subfield>
    <subfield code="a">UCIH</subfield>
    <subfield code="b">UCIH</subfield>
    <subfield code="c">GENERAL</subfield>
    <subfield code="d">2018-10-08</subfield>
    <subfield code="f">1a. ed.</subfield>
    <subfield code="h">BCU000003954</subfield>
    <subfield code="k">CSA</subfield>
    <subfield code="o">GV14.8 P36 1996</subfield>
    <subfield code="p">BCU000003954</subfield>
    <subfield code="r">2018-10-08 00:00:00</subfield>
    <subfield code="t">C:1</subfield>
    <subfield code="y">LIB</subfield>
  </datafield>
  <datafield tag="952" ind1=" " ind2=" ">
    <subfield code="1">0</subfield>
    <subfield code="2">lcc</subfield>
    <subfield code="4">0</subfield>
    <subfield code="7">0</subfield>
    <subfield code="a">UCIH</subfield>
    <subfield code="b">UCIH</subfield>
    <subfield code="c">GENERAL</subfield>
    <subfield code="d">2018-10-08</subfield>
    <subfield code="f">1a. ed.</subfield>
    <subfield code="h">BCU000003955</subfield>
    <subfield code="k">CSA</subfield>
    <subfield code="o">GV14.8 P36 1966</subfield>
    <subfield code="p">BCU000003955</subfield>
    <subfield code="r">2018-10-08 00:00:00</subfield>
    <subfield code="t">C:2</subfield>
    <subfield code="y">LIB</subfield>
  </datafield>
</record>
